LIBRARY & INFORMATION CENTRE, KCAET, TAVANUR

ONLINE PUBLIC ACCESS CATALOGUE (OPAC)

Up to date law report for administration in universities and colleges, Vol 3 / (Record no. 277)

MARC details
000 -LEADER
fixed length control field 00447cam a2200157ua 4500
041 ## - LANGUAGE CODE
Language code of text/sound track or separate title eng
082 ## - DEWEY DECIMAL CLASSIFICATION NUMBER
Classification number 028.7434
Item number MOU/UP
100 ## - MAIN ENTRY--AUTHOR NAME
Personal name Maurya, R S.
245 ## - TITLE STATEMENT
Title Up to date law report for administration in universities and colleges, Vol 3 /
250 ## - EDITION STATEMENT
Edition statement 1 /
260 ## - PUBLICATION, DISTRIBUTION, ETC. (IMPRINT)
Place of publication Lucknow :
Name of publisher All India Law Collection Committee ,
Year of publication 1999.
300 ## - PHYSICAL DESCRIPTION
Number of Pages 999 ; .
942 ## - ADDED ENTRY ELEMENTS (KOHA)
Koha item type Books
Holdings
Withdrawn status Lost status Damaged status Home library Current library Date acquired Full call number Accession Number Koha item type
      KAUAET KAUAET 07/04/2012 028.7434 20491 Reference
free website counter